000 00328nam a2200133Ia 4500
008 151001s9999||||xx |||||||||||||| ||und||
100 _aएस एम काशीकर
245 _aबेदरकार
250 _a1
260 _bमनमोहिनी
260 _c1987
300 _a156
365 _b18
999 _c965529
_d965526